Los neos en calzoncillos / (Registro nro. 54678)

Detalles MARC
000 -LEADER
campo de control de longitud fija 00680nam a22002175i 4500
001 - NÚMERO DE CONTROL
campo de control 54678
003 - IDENTIFICADOR DE NÚMERO DE CONTROL
campo de control ES-MaACL
005 - FECHA Y HORA DE LA ÚLTIMA TRANSACCIÓN
campo de control 20230906163011.0
007 - CAMPO FIJO DE DESCRIPCIÓN FÍSICA--INFORMACIÓN GENERAL
campo de control de longitud fija t|
008 - DATOS DE LONGITUD FIJA--INFORMACIÓN GENERAL
campo de control de longitud fija 960725s1869 sp ||||1| spa d
040 ## - FUENTE DE CATALOGACIÓN
Centro catalogador/agencia de origen CAM
Lengua de catalogación spa
Centro/agencia transcriptor CAM
100 1# - ENTRADA PRINCIPAL--NOMBRE DE PERSONA
Nombre de persona Funes, Agustín.
9 (RLIN) 53026
245 14 - MENCIÓN DEL TÍTULO
Título Los neos en calzoncillos /
Mención de responsabilidad, etc. por Funes y Lustonó, redactores de la Iberia.
260 ## - PUBLICACIÓN, DISTRIBUCIÓN, ETC.
Lugar de publicación, distribución, etc. Madrid :
Nombre del editor, distribuidor, etc. [s.n.],
Fecha de publicación, distribución, etc. 1868 (
Fabricante Imprenta de los señores de Rojas)
300 ## - DESCRIPCIÓN FÍSICA
Extensión 202 p. ;
Dimensiones 18 cm.
490 1# - MENCIÓN DE SERIE
Mención de serie Biblioteca de sapos y culebras
700 1# - ENTRADA AGREGADA--NOMBRE PERSONAL
Nombre de persona Lustonó, Eduardo de.
9 (RLIN) 74865
830 0# - PUNTO DE ACCESO ADICIONAL DE SERIE-TÍTULO UNIFORME
Título uniforme Biblioteca de sapos y culebras
9 (RLIN) 230306
852 ## - LOCALIZACIÓN
Ubicación ES-MaACL
Número de control de estantería D-2449
Existencias
Estatus retirado Estado de pérdida Estado de daño No para préstamo Colección Biblioteca de origen Biblioteca actual Ubicación en estantería Fecha de adquisición Fuente de adquisición Total de préstamos Signatura topográfica completa Código de barras Visto por última vez Precio de reemplazo Tipo de ítem Koha
        Libros del s. XIX Biblioteca del Ateneo de Madrid Biblioteca del Ateneo de Madrid Sala Valle Inclán 17/01/2008     D-2449 901057454 23/02/2023 23/02/2023 Libro impreso antiguo